000 00914nam0a22002291i 4500
001 rc\3268880
005 20240723221350.0
021 _aRU
_b[69-46523]
035 _a(NLR Aleph) 007391292
090 _a6613599
_c6613599
100 _a20130115d1969 |||y0rusy50 ca
101 0 _arus
102 _aRU
105 _aa d |||||
200 1 _aОптимальный режим погрузочно-транспортных работ в условиях усреднения асбестовых руд
_e(На примере Джетыгарин. карьера)
_eАвтореф. дис. на соискание учен. степени канд. техн. наук
_e(312)
_fКаз. политехн. ин-т
210 _aАлма-Ата
_d1969
215 _a20 с.
_cчерт.
700 1 _aЦеховой
_bА.Ф.
801 0 _aRU
_bNLR
_gpsbo
801 1 _aRU
_bELAR
_2rusmarc
852 _aNLR
_j69-4/21670
942 _cBOOK